<?xml version="1.0" encoding="UTF-8"?>
<collection xmlns="http://www.loc.gov/MARC21/slim">
 <record>
  <leader>00590nam a2200181Ia 4500</leader>
  <controlfield tag="001">CTU_77431</controlfield>
  <controlfield tag="008">210402s9999    xx            000 0 und d</controlfield>
  <datafield tag="082" ind1=" " ind2=" ">
   <subfield code="a">382</subfield>
  </datafield>
  <datafield tag="082" ind1=" " ind2=" ">
   <subfield code="b">M345</subfield>
  </datafield>
  <datafield tag="245" ind1=" " ind2="4">
   <subfield code="a">The maket for leather goods in North America and Selected Western European countries</subfield>
  </datafield>
  <datafield tag="245" ind1=" " ind2="0">
   <subfield code="c">UNCTAD and GATT</subfield>
  </datafield>
  <datafield tag="260" ind1=" " ind2=" ">
   <subfield code="a">Geneva</subfield>
  </datafield>
  <datafield tag="260" ind1=" " ind2=" ">
   <subfield code="b">International trade centre</subfield>
  </datafield>
  <datafield tag="260" ind1=" " ind2=" ">
   <subfield code="c">1969</subfield>
  </datafield>
  <datafield tag="650" ind1=" " ind2=" ">
   <subfield code="a">Export marketing,Leather goods</subfield>
  </datafield>
  <datafield tag="650" ind1=" " ind2=" ">
   <subfield code="x">Developing countries,Marketing,Developing countries</subfield>
  </datafield>
  <datafield tag="904" ind1=" " ind2=" ">
   <subfield code="i">Trọng Hải</subfield>
  </datafield>
  <datafield tag="980" ind1=" " ind2=" ">
   <subfield code="a">Trung tâm Học liệu Trường Đại học Cần Thơ</subfield>
  </datafield>
 </record>
</collection>
